טוען...

Polymer-supported solid phase reactions using N-Vinyl pyrrolidone derived polymers

מידע ביבליוגרפי
Main Authors: Rajasekharan Pillai, V N; Guide, Sunil Jacob; Researcher
פורמט: Ph.D Thesis
יצא לאור: Kottayam, Mahatma Gandhi University 2007
מהדורה:Ph.D
נושאים:
LEADER 009910000a22002650004500
082 |a 547.704 59 P7 
100 |a Rajasekharan Pillai, V N; Guide 
100 |a Sunil Jacob; Researcher 
245 |a Polymer-supported solid phase reactions using N-Vinyl pyrrolidone derived polymers 
250 |a Ph.D 
260 |a Kottayam, Mahatma Gandhi University 
260 |c 2007 
460 |a 191p 
500 |a Awarded on 17-03-2007 
500 |a Includes bibliographical references 
500 |a School of Chemical Sciences, Mahatma Gandhi University Kottayam, Kerala  |e IN 
500 |a Sunil Jacob; Guided by Dr V N Rajasekharan Pillai 
650 |a Dissertations, Academic (Ph.D) 
650 |a Pyrrolidine 
650 |a Pyrrolidine polymers 
650 |a Solid-phase synthesis 
650 |a Thesis (Ph.D)-Chemistry 
942 |c BK 
999 |c 38535  |d 38535 
952 |0 0  |1 0  |4 0  |6 547_704000000000000_59_P7  |7 0  |8 THES  |9 39062  |a MGUL  |b MGUL  |d 2013-07-16  |l 0  |o 547.704 59 P7  |p T01400  |r 2013-07-16  |w 2013-07-16  |y THES